000 nam a22 7a 4500
999 _c9741
_d9741
008 180207b ||||| |||| 00| 0 eng d
100 _aBlyton, E
_95845
245 _aSecret seven adventure
260 _aLondon
_bHadder Publication
_c2004